000 00689nam a2200169 a 4500
008 120416s1991 ||||||||||||||||| || u
020 _a0340544619
050 _aTK 7887.5 Mor
100 _aMorris, John C
245 1 0 _aAnalogue electronics
260 _aLondon:
_bE. Arnold
_c1991
300 _a[vi], 162p. : ill
350 _a0.00
650 _aELECTRONIC CIRCUITS
995 _aMAIN LIBRARY OPEN ACCESS
_D0.00
_e018080
_FCBU-MAIN LIBRARY (Kitwe)
_H1
_I14.99
_jTK 7887.5 Mor
_UAVAILABLE
_y018080
_ZMain Library Open Access Collection
995 _aMAIN LIBRARY OPEN ACCESS
_D0.00
_e727309
_FCBU-MAIN LIBRARY (Kitwe)
_H2
_I14.99
_jTK 7887.5 Mor
_UAVAILABLE
_y018081
_ZMain Library Open Access Collection
999 _c83919
_d83919